header

Advanced engineering ceramics and composites (Record no. 195833)

MARC details
000 -LEADER
fixed length control field 01829nam a2200373 a 4500
245 10 - TITLE STATEMENT
Title Advanced engineering ceramics and composites
260 ## - PUBLICATION, DISTRIBUTION, ETC. (IMPRINT)
Place of publication Durnten-Zurich, Switzerland :
Name of publisher Trans Tech Publications :
-- Ceramic Society of Japan,
Year of publication 2011.
300 ## - PHYSICAL DESCRIPTION
Number of Pages a-c, 256 p. :
Other physical details ill.
490 1# - SERIES STATEMENT
Series statement CSJ series--publications of the Ceramic Society of Japan,
650 #0 - SUBJECT ADDED ENTRY--TOPICAL TERM
Topical Term Ceramic engineering
Topical Term Ceramics
Topical Term Composite materials
700 1# - ADDED ENTRY--PERSONAL NAME
Personal name Goto, Takashi.
Personal name Cheng, Yi-Bing.
Personal name Akatsu, Takashi.
856 40 - ELECTRONIC LOCATION AND ACCESS
Uniform Resource Identifier http://site.ebrary.com/lib/rucke/Doc?id=10604237

No items available.

© 2026 Rongo University
Contact us: librarian | system librarian | Rongo university